Affluent de quel fleuve ? - Statistiques

Statistiques générales
  • Ce quiz a été pris 127 fois
  • Le résultat moyen est 13 sur 18
Statistiques - réponses
Hint Réponse % Correct
Lot ? Garonne
86%
Tarn ? Garonne
84%
Indre ? Loire
84%
Cher ? Loire
81%
Moselle ? Rhin
81%
Isère ? Rhône
78%
Drôme ? Rhône
78%
Marne ? Seine
78%
Ardèche ? Rhône
74%
Ain ? Rhône
73%
Oise ? Seine
72%
Ariège ? Garonne
69%
Yonne ? Seine
69%
Durance ? Rhône
68%
Vienne ? Loire
64%
Allier ? Loire
61%
Durance ? Rhône
61%
Ill ? Rhin
59%
Aucun quiz correspondant
Distribution des résultats
% des personnes avec chaque résultat
Percentile par nombre de réponses
Votre historique - résultats
Vous n’avez pas pris ce quiz